000
00252nam a22000977a 4500
008
231128b |||||||| |||| 00| 0 eng d
082
_a
C /
_b
POMP
100
_a
Pombo, Rafael
_e
Autor
_9
493
245
_a
La pobre viejecita /
_c
Rafael Pombo
942
_2
ddc
999
_c
30440
_d
16824